The art of flower and foliage arrangement

Saved in:
Bibliographic Details
Main Author: Anna Hong Rutt
Format: Book
Language:Undetermined
Published: New York McMillan 1958
Subjects:
Tags: Add Tag
No Tags, Be the first to tag this record!
Institutions: Trung tâm Học liệu Trường Đại học Cần Thơ
LEADER 00482nam a2200181Ia 4500
001 CTU_9604
008 210402s9999 xx 000 0 und d
082 |a 745.92 
082 |b R982 
100 |a Anna Hong Rutt 
245 4 |a The art of flower and foliage arrangement 
245 0 |c Anna Hong Rutt 
260 |a New York 
260 |b McMillan 
260 |c 1958 
650 |a flower arrangement 
904 |i Minh, 960930 
980 |a Trung tâm Học liệu Trường Đại học Cần Thơ